|
|
|
|
| LEADER |
00000nam a22000007a 4500 |
| 008 |
230814b |||||||| |||| 00| 0 eng d |
| 020 |
|
|
|a 9780367221171
|
| 245 |
|
|
|a Coaching for sports performance
|c edited by Timothy Baghurst.
|g xxv, 563p;ill
|
| 260 |
|
|
|b Routledge
|c 2020
|h New York
|i 700141
|i 700142
|l GV711.C63
|m Coaching (Athletics)
|m Athletes- Training of
|m Physical education and training
|m Sports-Physiological aspects
|m Sports-Psychological aspects
|
| 500 |
|
|
|a it includes index
|
| 942 |
|
|
|a lcc
|c BK
|e Johnson
|f 14/08/23
|
| 952 |
|
|
|0 0
|1 0
|2 lcc
|4 0
|6 GV0711 C63
|7 0
|9 4367
|a ED
|b HOL
|c GJ
|d 2023-08-14
|l 0
|o GV711.C63
|p 2023-0292
|r 2023-08-14 00:00:00
|t 700141
|w 2023-08-14
|y BK
|
| 952 |
|
|
|0 0
|1 0
|2 lcc
|4 0
|6 GV0711 C63
|7 0
|9 4368
|a HOL
|b HOL
|c GJ
|d 2023-08-14
|l 0
|o GV711.C63
|p 2023-0293
|r 2023-08-14 00:00:00
|t 700142
|w 2023-08-14
|y BK
|
| 999 |
|
|
|c 2193
|d 2193
|